000 01118nas a2200349 4500
001 BR2013006577
003 BR-BrBNA
005 20231205122813.0
007 ta
008 230509b bl.|||p| |||| 00| 00por d
040 _aBR-BrBNA
_bpor
_cBiblioteca Nacional de Agricultura
041 _a(En)
072 _aP35
100 1 _aAssis, I.R. de
100 1 _aDias, L.E.
100 1 _aAbrahão, W.A.P.
100 1 _aRibeiro Jr, E.S.
100 1 _aMello, J.W.V. de
245 1 _aCover layers to the growth of trees and shrobs over a sulfide spoil from gold mining
246 1 _aCover layers to the growth of trees and shrobs over a sulfide spoil from gold mining
650 _aÁRVORE
650 _aARBUSTO
650 _aSUBSTRATO DE CULTURA
650 _aSOLO
650 _aQUALIDADE
650 _aMINERAÇÃO
650 _a
773 0 _tRevista Árvore (Brazil)
_xISSN 0100-6762
_g(Jul-Aug 2011), v. 35(4) p. 941-947
_wBR2013006577
856 4 _uhttp://www.scielo.br/pdf/rarv/v35n4/a19v35n4.pdf
_yRecurso eletrônico (PDF)
909 _a202311
_bLúcia
_c55
_dLúcia Elande
942 _2AGRIS
_n0
_cANA
999 _c230645
_d230645